[Event "Mechanics' Alan Benson TNM; G/2"]
[Site "San Francisco"]
[Date "2016.08.16"]
[Round "3.15"]
[White "Gaffagan, Steven"]
[Black "Walters, Kevin"]
[Result "0-1"]
[WhiteElo "2096"]
[BlackElo "1897"]
[Annotator "Donaldson"]
[PlyCount "60"]
[EventDate "2016.??.??"]

1. e4 d5 2. exd5 Qxd5 3. Nc3 Qa5 4. d4 Nf6 5. Nf3 Bg4 6. h3 Bh5 7. g4 Bg6 8.
Ne5 e6 9. h4 Bb4 10. Bd2 Qb6 11. h5 Be4 12. Nxe4 Nxe4 13. c3 Be7 14. h6 g6 15.
Bd3 Nxd2 16. Qxd2 Nd7 17. Nxd7 Kxd7 18. O-O-O Qa5 19. Kb1 Qg5 20. Qe2 Rhf8 21.
Bb5+ c6 22. Ba4 Rad8 23. d5 exd5 24. f4 Qxf4 25. Rxd5+ Kc8 26. Rdd1 $4 (26.
Rxd8+ Rxd8 27. Bb3 $15) 26... Qxa4 27. Rxd8+ Bxd8 28. Qd3 Qxg4 29. Qd6 Re8 30.
a3 Bc7 0-1

[Event "Mechanics' Fall TNM; G/2"]
[Site "San Francisco"]
[Date "2016.11.15"]
[Round "5.3"]
[White "Gaffagan, Steven"]
[Black "Winslow, Elliott C"]
[Result "1/2-1/2"]
[WhiteElo "2096"]
[BlackElo "2314"]
[Annotator "Donaldson"]
[PlyCount "103"]
[EventDate "2016.??.??"]

1. d4 Nf6 2. c4 g6 3. Nc3 Bg7 4. e4 d6 5. Nf3 O-O 6. Be2 Na6 7. O-O e5 8. d5 {
Transposing into the Petrosian variation.} Nc5 9. Qc2 a5 10. Bg5 h6 11. Bh4 g5
12. Bg3 Nh5 13. Nd2 Nf4 14. f3 f5 15. Bf2 (15. exf5 {
trying to get a grip on the e4 square doesn't look good here:} Nxe2+ 16. Nxe2
Bxf5 17. Ne4 g4 18. N2c3 gxf3 19. Rxf3 Qg5 20. Re1 Nxe4 21. Nxe4 Qg6 22. Qe2
Rf7 {and Black doubles on the f-file with better chances.}) 15... Nxe2+ 16.
Nxe2 f4 17. b3 h5 18. a3 g4 19. Kh1 Bf6 20. b4 Nd7 21. c5 Bh4 22. Bg1 g3 23.
cxd6 cxd6 24. Nc4 gxh2 25. Bxh2 axb4 26. Nxd6 bxa3 27. Nf5 Nb6 28. Nxh4 Qxh4
29. Qc3 Qe7 30. g3 fxg3 31. Bxg3 Nd7 32. Bh2 Kh7 33. Nc1 b6 34. Qc6 Ba6 35. Rg1
Rg8 36. Qe6 Rxg1+ 37. Kxg1 $2 {Diagram #} (37. Bxg1 {with equal chances.})
37... Rg8+ $6 (37... Qg7+ $1 {
and Black should be winning whichever way White's king runs.} 38. Kf2 (38. Kh1
Bf1) 38... Rc8) 38. Kh1 Qg7 39. Qf5+ (39. Qh3 Nf6 40. Na2 Bc8 {
leaves White playing defense but was objectively better.}) 39... Kh6 40. Qe6+
Nf6 41. Qh3 Qg5 (41... Qg6 $1 {threatening to capture on e4 was difficult to
meet but hard to see in mutual time pressure.}) 42. Nb3 $2 (42. Na2) 42... Qe3
{Seemingly very strong but White has a resource. Better was} (42... Be2 $1 {
with threats of ...Qh4 and meeting} 43. Rg1 {with} Qe3 $1 {
White has no defense.}) 43. Qf5 $1 Nh7 $2 ({On} 43... Nd7 {
White has the amazing resource} 44. Nd4 $1 Qxd4 (44... exd4 $4 45. Bf4+) 45.
Rg1 $1 Rxg1+ 46. Bxg1 Qd1 47. Qe6+ Kg5 48. Qe7+ Kg6 (48... Nf6 49. Qxe5+) 49.
Qe8+) 44. Bxe5 {Now White is winning!} Rf8 45. Qe6+ {
This leads to a draw but the beautiful} (45. Nd4 $3 {coordinating White's
forces wins. Could you find this with no time on your clock!}) 45... Rf6 46.
Bxf6 Qxf3+ 47. Kh2 Nxf6 48. e5 Qf2+ 49. Kh1 Qf3+ 50. Kh2 Qf2+ 51. Kh1 Qf3+ 52.
Kh2 {A fitting end to a hard fight.} 1/2-1/2

[Event "Mechanics' Summer TNM; G/2"]
[Site "San Francisco"]
[Date "2016.05.24"]
[Round "1.15"]
[White "Garcia, Luis"]
[Black "Krasnov, Steven Le"]
[Result "0-1"]
[WhiteElo "1392"]
[BlackElo "1993"]
[PlyCount "48"]
[EventDate "2016.??.??"]

1. e4 e6 2. d4 b6 3. Nf3 d5 4. exd5 exd5 5. Be2 Nf6 6. O-O Be7 7. b3 O-O 8. Bb2
Bb7 9. Nbd2 Nbd7 10. Rc1 Ne4 11. c4 c6 12. Nxe4 dxe4 13. Nd2 f5 14. Qc2 Bg5 15.
Rcd1 Qe8 16. Kh1 Qg6 17. Nb1 Rae8 18. Nc3 f4 19. Nxe4 Qxe4 20. Bd3 Qe6 21.
Bxh7+ Kh8 22. d5 Qh6 23. Rd3 f3 24. dxc6 fxg2+ 0-1

[Event "Mechanics' Winter TNM; G/2"]
[Site "San Francisco"]
[Date "2016.01.05"]
[Round "1.27"]
[White "Gerwin, Gene"]
[Black "Aafjes, Marc"]
[Result "1-0"]
[WhiteElo "1859"]
[BlackElo "1311"]
[PlyCount "43"]
[EventDate "2016.??.??"]

1. b3 e5 2. Bb2 Nc6 3. e3 d6 4. g3 Nf6 5. Bg2 Be6 6. Ne2 Be7 7. d3 O-O 8. Nd2
h6 9. h3 a6 10. g4 Rb8 11. Ng3 b5 12. f4 exf4 13. exf4 Bd5 14. Nde4 Re8 15. O-O
Bxe4 16. Nxe4 Nxe4 17. Bxe4 d5 18. Bf5 Qd6 19. g5 g6 20. gxh6 gxf5 21. h7+ Kxh7
22. Qh5+ 1-0

[Event "Mechanics' Winter TNM; G/2"]
[Site "San Francisco"]
[Date "2016.02.09"]
[Round "6.27"]
[White "Gerwin, Gene"]
[Black "Brown, Nicholas M"]
[Result "1-0"]
[WhiteElo "1859"]
[BlackElo "1501"]
[PlyCount "141"]
[EventDate "2016.??.??"]

1. g3 d5 2. Bg2 Nf6 3. d3 e5 4. Nd2 Bc5 5. e3 O-O 6. h3 Nc6 7. Ne2 Re8 8. a3
Bf5 9. O-O Qd7 10. Kh2 Rad8 11. b4 Bd6 12. Bb2 Qe7 13. Nc3 e4 14. d4 Qd7 15.
Nb5 Re6 16. Nxd6 Qxd6 17. c4 Qe7 18. Qe2 Qd7 19. Rac1 Ne7 20. c5 c6 21. Rh1 Ne8
22. Bc3 Rh6 23. Qf1 Nf6 24. Kg1 Rg6 25. Nb1 h6 26. Be1 Nh7 27. h4 Rf6 28. Bh3
Bxh3 29. Qxh3 Qc7 30. Kf1 Rf3 31. Nd2 Rf6 32. Ke2 Re8 33. Nf1 Rg6 34. Bc3 Nf6
35. Nh2 h5 36. Rhd1 Ng4 37. Nxg4 hxg4 38. Qf1 Qd7 39. Kd2 Rf6 40. Kc2 Qf5 41.
Rd2 Qf3 42. Kb1 Nf5 43. Qe1 Nh6 44. Re2 Qf5 45. Qd1 Qd7 46. Rb2 Rf3 47. Qa4 a6
48. Be1 Nf5 49. Qd1 Ne7 50. a4 Nc8 51. b5 axb5 52. axb5 Na7 53. bxc6 bxc6 54.
Rb6 Ra8 55. Qa4 Rf6 56. Rc2 Qc8 57. Ra6 Rb8+ 58. Rb6 Nb5 59. Ra2 Kh7 60. Kc1
Re6 61. Qa6 Qe8 62. Rxb8 Qxb8 63. Qb6 Qe8 64. Qb7 Re7 65. Qa8 Qxa8 66. Rxa8 Ra7
67. Rxa7 Nxa7 68. Kc2 Nb5 69. Kb3 Nc7 70. Kb4 Ne6 71. Ka5 1-0

[Event "Mechanics' Winter TNM; G/2"]
[Site "San Francisco"]
[Date "2016.01.26"]
[Round "4.27"]
[White "Gerwin, Gene"]
[Black "MacIntyre, Brendan"]
[Result "0-1"]
[WhiteElo "1859"]
[BlackElo "1500"]
[Annotator "Donaldson"]
[PlyCount "60"]
[EventDate "2016.??.??"]

1. b3 d5 2. Bb2 c5 3. e3 Nf6 4. f4 Bf5 5. Nf3 Nc6 6. Bb5 Qb6 7. Bxc6+ Qxc6 8.
d3 Nd7 9. Nbd2 f6 10. O-O Bg6 11. Qe2 e6 12. e4 dxe4 13. dxe4 Be7 14. f5 Bf7
15. e5 O-O 16. fxe6 Bxe6 17. exf6 Bxf6 18. Bxf6 Nxf6 19. Ne5 Qb6 20. Ndc4 Bxc4
21. Qxc4+ Kh8 22. Nf7+ Kg8 23. Nd8+ Kh8 24. Ne6 Rfc8 25. Rf5 Nd7 26. Nxg7 $2 (
26. Raf1 $16) 26... Qg6 $1 27. Qf7 (27. Rf7 Ne5 $19) 27... Qxg7 28. Raf1 Qd4+
29. Kh1 Rf8 30. Qxd7 Qxd7 0-1

[Event "Mechanics' Winter TNM; G/2"]
[Site "San Francisco"]
[Date "2016.02.23"]
[Round "8.11"]
[White "Gerwin, Gene"]
[Black "Steger, Eric Alan"]
[Result "0-1"]
[WhiteElo "1859"]
[BlackElo "2038"]
[PlyCount "76"]
[EventDate "2016.??.??"]

1. b3 Nf6 2. Bb2 d6 3. d4 g6 4. Nf3 Bg7 5. Nbd2 O-O 6. e4 c5 7. dxc5 dxc5 8.
Be2 Nc6 9. c3 Qc7 10. Qc2 Rd8 11. O-O b6 12. Rfe1 Bb7 13. Bf1 e6 14. a3 Rd7 15.
b4 Rad8 16. Nb3 Ne5 17. Nxe5 Qxe5 18. f3 Qc7 19. c4 Ne8 20. Bxg7 Nxg7 21. bxc5
bxc5 22. Red1 e5 23. Rxd7 Rxd7 24. g3 Ne6 25. Bh3 Nd4 26. Nxd4 Rxd4 27. Kf2 Ba6
28. Bf1 Qd7 29. Ke3 Kg7 30. Rc1 f5 31. exf5 gxf5 32. Bd3 f4+ 33. Ke2 Qh3 34.
Rf1 Bb7 35. Qb1 Qg2+ 36. Rf2 Bxf3+ 37. Ke1 Qg1+ 38. Bf1 Rd1+ 0-1

[Event "Mechanics' Spring TNM; G/2"]
[Site "San Francisco"]
[Date "2016.04.12"]
[Round "5.35"]
[White "Giridharan, Durgas"]
[Black "Bekhtur, Bayaraa"]
[Result "1-0"]
[WhiteElo "1199"]
[BlackElo "1896"]
[Annotator "Winslow"]
[PlyCount "63"]
[EventDate "2016.??.??"]

1. e4 e5 2. Nf3 Nc6 3. d4 exd4 4. Nxd4 Bc5 5. Be3 Nf6 6. Nc3 Qe7 7. Nf5 Qf8 8.
Bxc5 Qxc5 9. Nxg7+ Kf8 10. Nf5 Nxe4 11. Nxe4 Qxf5 12. Bd3 d5 13. Ng3 Qe5+ 14.
Qe2 Qxb2 15. O-O Qe5 16. Qf3 Nd4 17. Qd1 Be6 18. Qd2 h5 19. Rfe1 Qd6 20. c3 Nc6
21. Qg5 h4 22. Nh5 h3 23. g3 Rg8 24. Qh6+ Ke7 25. Bh7 (25. Rad1) (25. Bf5)
25... Rh8 26. Qg7 (26. c4) 26... Raf8 27. c4 d4 $2 {Diagram [#]} (27... Rxh7
28. Qxh7 Ne5 $44) 28. c5 Qxc5 29. Rxe6+ Kxe6 30. Qf6+ Kd7 31. Bf5+ Ke8 32. Ng7#
1-0

[Event "Mechanics' Spring TNM; G/2"]
[Site "San Francisco"]
[Date "2016.04.26"]
[Round "7.18"]
[White "Giridharan, Durgas"]
[Black "Marcus, Joel"]
[Result "0-1"]
[WhiteElo "1199"]
[BlackElo "1936"]
[PlyCount "42"]
[EventDate "2016.??.??"]

1. e4 e5 2. Nf3 Nf6 3. Nxe5 d6 4. Nf3 Nxe4 5. d4 d5 6. Bd3 Nc6 7. c3 Bg4 8.
Nbd2 f5 9. Qb3 Nxd2 10. Bxd2 Qe7+ 11. Kd1 O-O-O 12. Bg5 $2 Bxf3+ 13. gxf3 Qxg5
14. Kc2 g6 15. Rhe1 Bh6 16. Rad1 Qf4 17. Re6 Rd6 18. Re2 {Diagram [#]} Nxd4+ $1
19. cxd4 Rc6+ 20. Bc4 Rxc4+ 21. Kd3 Qxd4# 0-1

[Event "Mechanics' Summer TNM; G/2"]
[Site "San Francisco"]
[Date "2016.06.21"]
[Round "5.35"]
[White "Giridharan, Durgashankar"]
[Black "Malykin, Erika"]
[Result "1-0"]
[WhiteElo "1199"]
[BlackElo "1612"]
[PlyCount "81"]
[EventDate "2016.??.??"]

1. e4 e6 2. d4 c5 3. Nf3 cxd4 4. Nxd4 Nc6 5. Nc3 Bb4 6. Nxc6 Bxc3+ 7. bxc3 bxc6
8. Qd4 Qf6 9. e5 Qd8 10. Qg4 Qa5 11. Qxg7 Qxc3+ 12. Kd1 Qxa1 13. Qxh8 Qd4+ 14.
Ke1 Qe4+ 15. Be3 Qb4+ 16. Kd1 Qf8 17. Bd3 Bb7 18. Qxh7 a6 19. Bg5 c5 20. Ke2
Rc8 21. c4 d5 22. exd6 Bxg2 23. Rg1 Bc6 24. Bh4 Kd7 25. Rg7 Kxd6 26. Rxf7 Qh6
27. Bg3+ e5 28. Qf5 Qe6 29. Qxe6+ Kxe6 30. Bf5+ Kxf7 31. Bxc8 e4 32. Bxa6 Nf6
33. Bd6 Nd7 34. Bc8 Nb6 35. Ba6 Na4 36. Bb5 Nc3+ 37. Ke3 Bxb5 38. cxb5 Nxb5 39.
Bxc5 Nc3 {Diagram [#] Find White's cleanest win.} 40. a4 $1 Nxa4 41. Bd4 1-0

[Event "Mechanics' Summer TNM; G/2"]
[Site "San Francisco"]
[Date "2016.06.07"]
[Round "3.42"]
[White "Giridharan, Durgashankar"]
[Black "McEnroe, Glenn Aus"]
[Result "1-0"]
[WhiteElo "1199"]
[BlackElo "1553"]
[PlyCount "23"]
[EventDate "2016.??.??"]

1. e4 e6 2. d4 d5 3. exd5 exd5 4. Bd3 Bd6 5. Nc3 c6 6. Nf3 Ne7 7. Bg5 O-O 8.
Qd2 f6 9. Bf4 Bf5 10. O-O-O Bxd3 11. Bxd6 Bxc2 $4 12. Bxe7 1-0

[Event "Mechanics' Summer TNM; G/2"]
[Site "San Francisco"]
[Date "2016.05.24"]
[Round "1.23"]
[White "Giridharan, Durgashankar"]
[Black "Melville, Cailen"]
[Result "0-1"]
[WhiteElo "1199"]
[BlackElo "1901"]
[PlyCount "50"]
[EventDate "2016.??.??"]

1. e4 e6 2. d4 d5 3. exd5 exd5 4. Bd3 Bd6 5. Nf3 Bg4 6. Nc3 c6 7. h3 Bh5 8. g4
Bg6 9. Bg5 Qc7 10. Qe2+ Ne7 11. O-O-O Bxd3 12. Rxd3 f6 13. Bd2 Nd7 14. Qe6
O-O-O 15. Qf7 g6 16. Bh6 Rhe8 17. Re1 Kb8 18. Re6 g5 19. Kb1 Rg8 20. Bg7 Ng6
21. Bxf6 Rdf8 22. Qxh7 Nxf6 23. Qxc7+ Kxc7 24. Re1 Nf4 25. Rde3 Ng2 0-1

[Event "Mechanics' Winter TNM; G/2"]
[Site "San Francisco"]
[Date "2016.01.12"]
[Round "2.36"]
[White "Gomboluudev, Enkhjin"]
[Black "Erdenebileg, Erkhes"]
[Result "1-0"]
[WhiteElo "1630"]
[BlackElo "1196"]
[PlyCount "31"]
[EventDate "2016.??.??"]

1. e4 e5 2. Nf3 Nc6 3. Bc4 Bc5 4. d3 h6 5. Nc3 Nf6 6. O-O d6 7. h3 O-O 8. Be3
Bb6 9. Ne2 Be6 10. Bb3 Ne7 11. Ng3 Bd7 12. Nh4 Kh8 13. Qd2 Nh7 14. Kh1 f5 15.
exf5 Nxf5 16. Ng6# 1-0

[Event "Mechanics' Spring TNM; G/2"]
[Site "San Francisco"]
[Date "2016.04.19"]
[Round "6.21"]
[White "Gomez, Davi Flores"]
[Black "Weingarten, Daniel"]
[Result "1-0"]
[WhiteElo "1836"]
[BlackElo "952"]
[PlyCount "65"]
[EventDate "2016.??.??"]

1. e4 c5 2. Nf3 Nc6 3. Bb5 a6 4. Bxc6 dxc6 5. O-O Bg4 6. d3 Nf6 7. Bf4 e6 8.
Nbd2 b5 9. Qe1 Be7 10. Ne5 Qb6 11. Qe3 Qa7 12. Nxc6 Qb7 13. Ne5 Bh5 14. Qg3 O-O
15. Bh6 Bg6 16. Nxg6 hxg6 17. Be3 Nh5 18. Qh3 Nf6 19. Nf3 Nh7 20. Rad1 Rac8 21.
Rfe1 c4 22. d4 Qxe4 23. Bg5 Qb7 24. Bxe7 Qxe7 25. d5 Qb4 26. dxe6 f6 27. e7
Rfe8 28. c3 Qc5 29. Qe6+ Kh8 30. Re4 Qc6 31. Qf7 g5 32. h4 Qc7 33. hxg5 1-0

[Event "Mechanics' Winter TNM; G/2"]
[Site "San Francisco"]
[Date "2016.02.23"]
[Round "8.25"]
[White "Gomez, David Flores"]
[Black "McKellar, Daniel"]
[Result "0-1"]
[WhiteElo "1826"]
[BlackElo "1616"]
[Annotator "Donaldson"]
[PlyCount "98"]
[EventDate "2016.??.??"]

1. e4 c5 2. Nf3 g6 3. d4 cxd4 4. Qxd4 Nf6 5. e5 Nc6 6. Qe3 $2 Ng4 7. Qe4 {
Diagram [#]} Ngxe5 $1 8. Bd2 (8. Nxe5 Qa5+ 9. Bd2 Qxe5 10. Qxe5 Nxe5 11. Bc3 f6
$17) 8... d5 9. Qf4 Nxf3+ 10. Qxf3 Bg7 11. Nc3 e6 12. Bb5 a6 13. Bxc6+ bxc6 14.
O-O O-O 15. Rad1 c5 16. b3 Bd7 17. Rfe1 Bc6 18. Qh3 Qc7 19. Ne2 e5 20. Bh6 d4
21. Ng3 Bd7 22. Qh4 f5 $2 (22... Bxh6 23. Qxh6 f5 $19) 23. Bxg7 Kxg7 24. Qg5 (
24. Qe7+) 24... Kh8 25. h4 e4 26. h5 Qd8 27. Qf4 g5 $2 (27... Qf6) 28. Qe5+ Qf6
29. Qxc5 Rac8 30. Qxd4 Qxd4 31. Rxd4 Bc6 32. c4 Rce8 33. Rd6 Bb7 34. h6 f4 35.
Nh5 Re7 36. g3 Bc8 37. Nf6 e3 38. Nd5 $4 exf2+ 39. Kxf2 fxg3+ 40. Kxg3 Rxe1 41.
Nb6 Re3+ 42. Kh2 Re2+ 43. Kg3 Rxa2 44. Nxc8 Rxc8 45. Kg4 Ra3 46. Rb6 a5 47.
Kxg5 a4 48. b4 Rg3+ 49. Kf4 Rg6 0-1

[Event "Mechanics' Winter TNM; G/2"]
[Site "San Francisco"]
[Date "2016.02.02"]
[Round "5.36"]
[White "Gomez, David Flores"]
[Black "Sachs-Weintraub, Julian"]
[Result "1-0"]
[WhiteElo "1826"]
[BlackElo "1369"]
[Annotator "Donaldson"]
[PlyCount "49"]
[EventDate "2016.??.??"]

1. e4 c5 2. Nf3 Nc6 3. Bb5 e6 4. O-O Nf6 5. Re1 a6 6. Bf1 b5 7. c3 Be7 8. d4
Bb7 9. d5 exd5 10. exd5 Nxd5 (10... Nb8 11. d6) 11. Qxd5 O-O 12. Qd1 b4 13. Bf4
Bf6 14. Bd6 Re8 15. Bxc5 bxc3 16. Nxc3 Nb8 17. Nd5 d6 18. Rxe8+ Qxe8 19. Nxf6+
gxf6 20. Bxd6 Nd7 21. Nd4 Qe4 22. Qd3 Qd5 23. Nf5 Qe6 24. Qg3+ Kh8 25. Qg7# 1-0

[Event "Mechanics' Winter TNM; G/2"]
[Site "San Francisco"]
[Date "2016.01.26"]
[Round "4.28"]
[White "Gomez, David Flores"]
[Black "Steger, Eric"]
[Result "0-1"]
[WhiteElo "1826"]
[BlackElo "2038"]
[PlyCount "104"]
[EventDate "2016.??.??"]

1. e4 e5 2. Nf3 Nc6 3. Bc4 Bc5 4. O-O Nf6 5. Re1 d6 6. h3 O-O 7. c3 Bb6 8. d3
h6 9. a4 a6 10. Nbd2 Ne7 11. Nh4 g5 12. Qf3 Kg7 13. Nf5+ Nxf5 14. exf5 Qd7 15.
g4 Qc6 16. Qg3 d5 17. Bb3 Nd7 18. Qg2 d4 19. Bd5 Qc5 20. c4 c6 21. Bf3 Qb4 22.
Kf1 Ba5 23. Re2 f6 24. Qg3 Re8 25. h4 Nc5 26. hxg5 hxg5 27. Be4 Rh8 28. Nf3 Nb3
29. Rb1 Nxc1 30. Rxc1 Qe7 31. Kg2 Bd7 32. c5 Rh6 33. Rec2 Be8 34. Rh1 Rxh1 35.
Kxh1 Bf7 36. Rc1 Rh8+ 37. Kg2 Bb3 38. Ng1 Bd2 39. Ra1 Qxc5 40. Qf3 Qc2 41. Ne2
Qxb2 42. Rh1 Rxh1 43. Kxh1 Qa1+ 44. Kg2 Qxa4 45. Qh3 Bf7 46. Ng3 Qa2 47. Nh5+
Bxh5 48. gxh5 Kh6 49. Qf3 Qc2 50. Qe2 Qc1 51. Qf3 a5 52. Bd5 cxd5 0-1

[Event "Mechanics' Winter TNM; G/2"]
[Site "San Francisco"]
[Date "2016.01.12"]
[Round "2.6"]
[White "Gomez, David Flores"]
[Black "Vickers, Keith"]
[Result "1/2-1/2"]
[WhiteElo "1826"]
[BlackElo "2200"]
[Annotator "Donaldson"]
[PlyCount "78"]
[EventDate "2016.??.??"]

1. Nf3 d5 2. g3 Nf6 3. Bg2 c6 4. O-O g6 5. d4 Bg7 6. c3 O-O 7. Re1 Nbd7 8. Nbd2
b6 9. e4 dxe4 10. Nxe4 Nxe4 11. Rxe4 Bb7 12. Re1 e6 13. Bf4 Re8 14. Qc2 c5 15.
dxc5 Nxc5 16. Rad1 Qc8 17. h4 Rd8 18. Bg5 Rxd1 19. Rxd1 f6 20. Be3 Bc6 21. h5
g5 22. Rd6 Be4 23. Qe2 Nb7 24. Rd2 Bc6 25. Bh3 Qe8 26. Nd4 Bd7 27. Qc4 Nd8 {
Diagram #} 28. Nf5 $1 Bb5 29. Nxg7 (29. Ne7+ Kf7 30. Qe4 Rb8 31. h6 Qxe7 32.
Qxh7 $18) 29... Kxg7 30. Qc7+ Qf7 31. h6+ Kxh6 32. Qxf7 $2 (32. Qd6 $16) 32...
Nxf7 33. Bxe6 Ne5 34. Rd6 Kg7 35. Bd5 Re8 36. Bd4 g4 37. Kg2 Re7 38. f4 gxf3+
39. Bxf3 Rd7 1/2-1/2

[Event "Mechanics' Fall TNM; G/2"]
[Site "San Francisco"]
[Date "2016.12.13"]
[Round "9.7"]
[White "Gray, William"]
[Black "Argo, Guy"]
[Result "0-1"]
[WhiteElo "2022"]
[BlackElo "1911"]
[Annotator "Donaldson"]
[PlyCount "64"]
[EventDate "2016.??.??"]

1. e4 e5 2. Nf3 d6 3. d4 exd4 4. Nxd4 g6 5. Nc3 Bg7 6. Be3 Nf6 7. Be2 O-O 8. g4
Re8 9. Qd2 Nxe4 10. Nxe4 Rxe4 11. Bf3 Re8 12. c3 (12. O-O-O) 12... Nd7 13. Be2
Nf6 14. f3 Qe7 15. Nc2 c6 16. O-O Nd5 17. Bh6 Bxh6 18. Qxh6 Ne3 19. Nxe3 Qxe3+
20. Qxe3 Rxe3 21. Kf2 Re7 22. Rad1 d5 23. f4 Rxe2+ 24. Kxe2 Bxg4+ 25. Kd3 Bxd1
26. Rxd1 Re8 27. f5 g5 28. Kd4 b6 29. f6 h6 30. b4 Kh7 31. a4 Kg6 32. b5 c5+
0-1

[Event "Mechanics' Winter TNM; G/2"]
[Site "San Francisco"]
[Date "2016.01.19"]
[Round "3.13"]
[White "Gray, William"]
[Black "Campers Jr, Willie"]
[Result "0-1"]
[WhiteElo "2043"]
[BlackElo "1669"]
[PlyCount "44"]
[EventDate "2016.??.??"]

1. e4 e6 2. d4 d5 3. Nd2 Be7 4. Bd3 Nf6 5. Ngf3 c5 6. c3 Nc6 7. O-O c4 8. Bc2
b5 9. Qe2 g6 10. b3 Bb7 11. a4 a6 12. Ba3 Bxa3 13. Rxa3 b4 14. cxb4 Nxb4 15.
Bb1 c3 16. exd5 cxd2 17. dxe6 Bxf3 18. exf7+ Kxf7 19. Qxf3 Qxd4 20. Qb7+ Nd7
21. Qf3+ Kg7 22. Be4 Rae8 0-1

[Event "Mechanics' Winter TNM; G/2"]
[Site "San Francisco"]
[Date "2016.02.23"]
[Round "8.10"]
[White "Gray, William"]
[Black "Houshdaran, Soheil"]
[Result "1/2-1/2"]
[WhiteElo "2043"]
[BlackElo "1829"]
[PlyCount "107"]
[EventDate "2016.??.??"]

1. e4 c5 2. Nf3 d6 3. c3 Nf6 4. Bd3 g6 5. Bc2 Bg7 6. O-O O-O 7. Re1 Nc6 8. h3
b5 9. d4 cxd4 10. cxd4 Bb7 11. d5 Nb4 12. Bb3 Na6 13. Nc3 Nc5 14. Bc2 b4 15.
Na4 Rc8 16. Nxc5 dxc5 17. Ne5 Ne8 18. f4 Nd6 19. Qe2 f5 20. Nc6 Bxc6 21. dxc6
Rxc6 22. e5 Nf7 23. Bb3 c4 24. Rd1 Qb6+ 25. Be3 Qa6 26. Bc2 e6 27. Rd7 b3 28.
Rxa7 Qc8 29. axb3 c3 30. bxc3 Rxc3 31. Bd3 Rxb3 32. Rc1 Rc3 33. Rxc3 Qxc3 34.
Bc4 Re8 35. Kh2 h6 36. Bd2 Qd4 37. Be3 Qe4 38. Qd3 Qxd3 39. Bxd3 g5 40. g3 h5
41. Bb5 Rb8 42. Bd7 Nd8 43. Kg2 g4 44. hxg4 hxg4 45. Bc5 Rb2+ 46. Kf1 Bf8 47.
Bf2 Bb4 48. Ra8 Kf7 49. Rxd8 Ke7 50. Rb8 Kxd7 51. Rb7+ Kc6 52. Rg7 Kd5 53. Rd7+
Ke4 54. Rd4+ {And a draw was agreed} 1/2-1/2

[Event "Mechanics' Fall TNM; G/2"]
[Site "San Francisco"]
[Date "2016.11.29"]
[Round "7.12"]
[White "Gray, William"]
[Black "Jensen, Christian"]
[Result "1/2-1/2"]
[WhiteElo "2022"]
[BlackElo "1799"]
[PlyCount "35"]
[EventDate "2016.??.??"]

1. e4 c5 2. Nf3 d6 3. d4 cxd4 4. Nxd4 Nf6 5. Nc3 g6 6. g3 Bg7 7. Bg2 O-O 8. O-O
Nc6 9. Nde2 Bd7 10. Nd5 Nxd5 11. exd5 Ne5 12. Rb1 Rc8 13. Bd2 Bg4 14. f3 Bf5
15. Nd4 Qb6 16. Bc3 Nc4 17. Re1 Rfe8 18. Kh1 1/2-1/2

[Event "Mechanics' Fall TNM; G/2"]
[Site "San Francisco"]
[Date "2016.11.15"]
[Round "5.17"]
[White "Gray, William"]
[Black "Sherwood, Peter"]
[Result "1-0"]
[WhiteElo "2022"]
[BlackElo "1688"]
[PlyCount "47"]
[EventDate "2016.??.??"]

1. e4 e5 2. f4 d5 3. exd5 Qxd5 4. Nc3 Qa5 5. Nf3 Nc6 6. fxe5 Bg4 7. Bb5 Nge7 8.
h3 Bd7 9. d4 Nd5 10. Qd3 Nxc3 11. bxc3 Nxe5 12. Bxd7+ Nxd7 13. Qe4+ Be7 14. O-O
Nf6 15. Qe2 Rd8 16. Re1 Rd7 17. Ne5 Qxc3 18. Nxd7 Qxd4+ 19. Kh1 Qxd7 20. Ba3
Ng8 21. Rad1 Qe6 22. Qb5+ Qc6 23. Qf5 Kf8 24. Rd8+ 1-0

[Event "Mechanics' Winter TNM; G/2"]
[Site "San Francisco"]
[Date "2016.02.09"]
[Round "6.23"]
[White "Gray, William"]
[Black "Standen, Julian"]
[Result "1-0"]
[WhiteElo "2043"]
[BlackElo "1653"]
[Annotator "Donaldson"]
[PlyCount "31"]
[EventDate "2016.??.??"]

1. e4 d5 2. exd5 Qxd5 3. Nc3 Qa5 4. d4 Bf5 5. Qf3 c6 6. d5 (6. b4 Qxb4 7. Rb1
Qa5 8. Rxb7) 6... e6 7. g4 Bxc2 8. Qe2 Bg6 (8... Bb3) 9. dxe6 Be7 10. Nh3 Nf6
11. Bg2 O-O 12. Nf4 Re8 13. O-O fxe6 $2 (13... Bd6) 14. Nxg6 hxg6 15. Qxe6+ Kh8
16. g5 1-0

[Event "Mechanics' Fall TNM; G/2"]
[Site "San Francisco"]
[Date "2016.10.25"]
[Round "2.14"]
[White "Gray, William"]
[Black "Yang, Eric"]
[Result "0-1"]
[WhiteElo "2022"]
[BlackElo "1851"]
[PlyCount "76"]
[EventDate "2016.??.??"]

1. e4 e5 2. d4 exd4 3. Qxd4 Nc6 4. Qe3 Nf6 5. Bd2 d6 6. Nc3 Be7 7. O-O-O O-O 8.
Bd3 Ne5 9. Nf3 Nfg4 10. Qe2 Nxd3+ 11. cxd3 c6 12. h3 Ne5 13. g4 Be6 14. Nd4 c5
15. Nf5 Re8 16. Ne3 b5 17. Kb1 c4 18. dxc4 Bxc4 19. Nxc4 bxc4 20. Nd5 Bh4 21.
Rhf1 Rb8 22. Bc3 Nd3 23. f4 Rb5 24. Rxd3 cxd3 25. Qxd3 Rb7 26. g5 f6 27. gxf6
Bxf6 28. Bxf6 gxf6 29. Qd4 Rf7 30. Rc1 Re6 31. f5 Re5 32. Nf4 Qe7 33. Ne6 Rxe6
34. fxe6 Qxe6 35. Qb4 Re7 36. Qb8+ Re8 37. Qb7 Qxe4+ 38. Qxe4 Rxe4 {Both player
s' scoresheets stop at this point, likely due to time pressure. Black later
won this position, which should be drawn.} 0-1

[Event "Mechanics' Fall TNM; G/2"]
[Site "San Francisco"]
[Date "2016.12.06"]
[Round "8.31"]
[White "Greene, Sam"]
[Black "Enkh, Tergelsar"]
[Result "0-1"]
[WhiteElo "1454"]
[BlackElo "1307"]
[PlyCount "36"]
[EventDate "2016.??.??"]

1. e4 e5 2. Nf3 Nc6 3. d4 exd4 4. Nxd4 Bc5 5. Be3 Bb6 6. Nc3 Nf6 7. f3 O-O 8.
Qd2 d5 9. O-O-O Re8 10. Nxc6 bxc6 11. Bg5 Qd6 12. Kb1 Ba5 13. Qe3 Qe5 14. f4
Qf5 15. Bxf6 Qxf6 16. e5 Qe7 17. Bd3 Bxc3 18. bxc3 Qa3 0-1

[Event "Mechanics' Spring TNM; G/2"]
[Site "San Francisco"]
[Date "2016.04.19"]
[Round "6.42"]
[White "Greene, Sam"]
[Black "Erickson, Lane Aus"]
[Result "1-0"]
[WhiteElo "1019"]
[BlackElo "1451"]
[Annotator "Donaldson"]
[PlyCount "45"]
[EventDate "2016.??.??"]

1. d4 Nf6 2. c4 c5 3. e3 cxd4 4. exd4 e6 5. Nf3 Nc6 6. Nc3 Bb4 7. a3 Bxc3+ 8.
bxc3 d5 9. Bg5 Qa5 10. Bd2 Ne4 11. cxd5 exd5 12. Bd3 Bg4 13. c4 Bxf3 14. gxf3
Qxd2+ 15. Qxd2 Nxd2 16. Kxd2 dxc4 17. Rhe1+ Kd7 18. Bxc4 Nxd4 19. Re3 Rac8 20.
Bxf7 Rhf8 21. Bh5 $2 (21. Bd5 $11) 21... Nb3+ $4 (21... Rc5 22. Bg4+ Kc6 $17)
22. Rxb3 Rc5 23. Bg4+ 1-0